000 00632nam a2200229Ia 4500
003 OSt
005 20220928101807.0
006 a|||||r|||| 00| 0
007 ta
008 220927b |||||||| |||| 00| 0 eng d
024 _a38932
037 _cTextual
040 _aSDCL
_cSDCL
_beng
041 _2eng
_aeng
082 _aO152:g(S:5), L7
100 _aVaajpayee Nanddulaare
_9391710
245 0 _aRassiddhaant
_bNaye sandharbh.
260 _aNew Delhi
_bThe Macmillin Company
_c1977
300 _a127p.
_ccm.
942 _hO152:g(S:5), L7
_cTEXL
_2CC
999 _c710861
_d710861